[Event "Sao Bento do Sul op 5th"]
[Site "Sao Bento do Sul"]
[Date "2015.09.05"]
[Round "4"]
[White "Okawati, Gabriel Akira Andra"]
[Black "Moraes, Maurino Anastacio"]
[Result "1/2-1/2"]
[WhiteElo "1893"]
[BlackElo "1651"]
[PlyCount "60"]
[EventDate "2015.09.04"]
[EventType "swiss"]
[EventRounds "6"]
[EventCountry "BRA"]
[SourceTitle "EXT 2016"]
[Source "ChessBase"]
[SourceDate "2015.10.08"]
[SourceVersion "1"]
[SourceVersionDate "2015.10.08"]
[SourceQuality "1"]

1. e4 c6 2. d4 d6 3. Nc3 Nf6 4. Be3 g6 5. f3 h5 6. Qd2 Nbd7 7. 0-0-0 Bg7 8. Bd3 a5 9. h3 b5 10. g4 hxg4 11. f4 Nb6 12. h4 Nc4 13. Bxc4 bxc4 14. Qe2 d5 15. e5 Nh5 16. Qf2 a4 17. a3 Bf5 18. Nge2 Qb6 19. Kb1 Rb8 20. Nxa4 Bxc2+ 21. Kxc2 Qb3+ 22. Kc1 Qxa4 23. Nc3 Qb3 24. Qc2 Qxc2+ 25. Kxc2 Ng3 26. Rdg1 Nf5 27. Bf2 g3 28. Rxg3 Nxg3 29. Bxg3 Rxh4 30. Rf1 Rh2+ 1/2-1/2

[Event "Parana-ch"]
[Site "Curitiba"]
[Date "2015.01.30"]
[Round "5"]
[White "Colaco, Willian Wagner Soar"]
[Black "Okawati, Gabriel Akira Andra"]
[Result "0-1"]
[WhiteElo "1597"]
[BlackElo "1920"]
[PlyCount "114"]
[EventDate "2015.01.28"]
[EventType "swiss"]
[EventRounds "8"]
[EventCountry "BRA"]
[SourceTitle "CBM 164 Extra"]
[Source "ChessBase"]
[SourceDate "2015.03.02"]
[SourceVersion "1"]
[SourceVersionDate "2015.03.02"]
[SourceQuality "1"]

1. d4 Nf6 2. Nf3 e6 3. Bg5 Be7 4. c3 b6 5. Nbd2 Bb7 6. Bxf6 Bxf6 7. e4 d6 8. Bb5+ c6 9. Ba4 Nd7 10. Nc4 Qc7 11. Bc2 0-0 12. a4 c5 13. Ne3 Rac8 14. Rc1 Qb8 15. 0-0 Rfd8 16. Qe2 Qa8 17. Ng4 Qb8 18. Nxf6+ Nxf6 19. Rfe1 Qc7 20. Ng5 e5 21. d5 h6 22. Nh3 Qe7 23. c4 Rc7 24. b3 Bc8 25. Qe3 Nh5 26. Kh1 Bxh3 27. Qxh3 Qg5 28. g3 g6 29. Rf1 Rf8 30. Rce1 Ng7 31. f4 exf4 32. gxf4 Qh5 33. Qxh5 Nxh5 34. e5 dxe5 35. fxe5 Re8 36. Bd1 Ng7 37. d6 Rd7 38. Bg4 Ne6 39. Rf6 Kg7 40. h4 Rxd6 41. exd6 Kxf6 42. Bf3 Rd8 43. h5 Rxd6 44. Rd1 Rxd1+ 45. Bxd1 g5 46. Kg2 Ke5 47. Kf3 f5 48. Ke3 Nf4 49. Kf3 Nxh5 50. Ke3 Nf6 51. Bf3 g4 52. Bh1 f4+ 53. Kf2 Ne4+ 54. Ke1 f3 55. a5 Kf4 56. axb6 axb6 57. Kd1 g3 0-1

[Event "Parana-ch"]
[Site "Curitiba"]
[Date "2015.01.29"]
[Round "3"]
[White "Okawati, Gabriel Akira Andra"]
[Black "Da Silva, Kelley Santos"]
[Result "1-0"]
[WhiteElo "1920"]
[BlackElo "1917"]
[PlyCount "93"]
[EventDate "2015.01.28"]
[EventType "swiss"]
[EventRounds "8"]
[EventCountry "BRA"]
[SourceTitle "CBM 164 Extra"]
[Source "ChessBase"]
[SourceDate "2015.03.02"]
[SourceVersion "1"]
[SourceVersionDate "2015.03.02"]
[SourceQuality "1"]

1. e4 e6 2. d4 d5 3. exd5 exd5 4. Bd3 Bd6 5. Qf3 c6 6. Ne2 Ne7 7. Bf4 Bf5 8. Nbc3 Bxd3 9. Qxd3 Bxf4 10. Nxf4 Nd7 11. 0-0 Qc7 12. g3 0-0-0 13. Rfe1 Nb6 14. Re2 Kb8 15. Rae1 Nec8 16. Qf3 Qd7 17. Nd3 f6 18. Nc5 Qf7 19. Ne6 Rd7 20. Nc5 Rc7 21. a4 a5 22. Qf4 g5 23. Qf3 Re7 24. Rxe7 Nxe7 25. Re6 Rf8 26. Nd1 Ng8 27. Qc3 Nxa4 28. Qxa5 Nxc5 29. Qxc5 Re8 30. Rxe8+ Qxe8 31. Ne3 Qe7 32. Qxe7 Nxe7 33. Ng4 Ng8 34. Kf1 Kc7 35. Ke2 Kd7 36. Ke3 Kd6 37. f4 h6 38. fxg5 hxg5 39. h4 Ke6 40. h5 Kf5 41. Kf3 Ke6 42. h6 f5 43. h7 fxg4+ 44. Ke3 Ne7 45. h8Q Nf5+ 46. Kf2 b6 47. Qe5+ 1-0

[Event "Maringa op 4th"]
[Site "Maringa"]
[Date "2014.08.24"]
[Round "9"]
[White "Okawati, Gabriel Akira Andra"]
[Black "Yano, William Jorge Froes"]
[Result "1/2-1/2"]
[WhiteElo "1910"]
[BlackElo "2100"]
[PlyCount "35"]
[EventDate "2014.08.20"]
[EventType "swiss"]
[EventRounds "9"]
[EventCountry "BRA"]
[SourceTitle "EXT 2015"]
[Source "ChessBase"]
[SourceDate "2014.11.20"]
[SourceVersion "1"]
[SourceVersionDate "2014.11.20"]
[SourceQuality "1"]

1. e4 e6 2. d4 d5 3. exd5 exd5 4. Bd3 Bd6 5. Qf3 Nc6 6. c3 Nge7 7. Ne2 Be6 8. Bf4 a6 9. Nd2 Ng6 10. 0-0 Be7 11. Qg3 Rc8 12. Nf3 Nb8 13. Bg5 Nd7 14. Bf4 Nf6 15. Ng5 Bd7 16. Qe3 h6 17. Nf3 Be6 18. Ne5 1/2-1/2

[Event "Foz do Iguacu op 4th"]
[Site "Foz do Iguacu"]
[Date "2014.06.20"]
[Round "4"]
[White "Florianovitz, Derlei Alex"]
[Black "Okawati, Gabriel Akira Andra"]
[Result "1-0"]
[WhiteElo "2082"]
[BlackElo "1885"]
[PlyCount "107"]
[EventDate "2014.06.19"]
[EventType "swiss"]
[EventRounds "7"]
[EventCountry "BRA"]
[SourceTitle "CBM 161 Extra"]
[Source "ChessBase"]
[SourceDate "2014.08.29"]
[SourceVersion "1"]
[SourceVersionDate "2014.08.29"]
[SourceQuality "1"]

1. e4 e6 2. d4 c5 3. c4 cxd4 4. Qxd4 Nc6 5. Qd1 Nf6 6. Nc3 a6 7. a3 Qc7 8. Nf3 Be7 9. Bd3 0-0 10. Bg5 b6 11. h3 Bb7 12. 0-0 d6 13. Rc1 Ne5 14. Nxe5 dxe5 15. Qe2 Rfd8 16. Rfd1 Rac8 17. b4 Bc6 18. Be3 Qb7 19. f3 Be8 20. c5 b5 21. g3 Bc6 22. Rb1 Ne8 23. Qa2 Nc7 24. Rd2 Rd7 25. Rbd1 Rcd8 26. Qb2 Bf6 27. Na2 h6 28. Nc1 Ne8 29. Nb3 Qc8 30. Na5 Qc7 31. Be2 Kf8 32. a4 Ke7 33. Qc2 Rxd2 34. Rxd2 Rxd2 35. Qxd2 Qd7 36. axb5 axb5 37. Qd3 Nc7 38. Bc1 Ke8 39. Qd6 Ba8 40. Bb2 Be7 41. Qxd7+ Kxd7 42. Bxe5 Bc6 43. Bxg7 Na6 44. Bc3 Kc7 45. Kf2 f6 46. Ke3 Nb8 47. f4 Nd7 48. Bg4 Nf8 49. Nb3 Bd7 50. e5 f5 51. Be2 Kb7 52. Nd4 Kc7 53. Nxb5+ Bxb5 54. Bxb5 1-0

[Event "BRA-ch Amateur"]
[Site "Sao Paulo"]
[Date "2014.03.03"]
[Round "5"]
[White "Schucman, Rebeca Lot"]
[Black "Okawati, Gabriel Akira Andra"]
[Result "1-0"]
[WhiteElo "1657"]
[BlackElo "1897"]
[PlyCount "27"]
[EventDate "2014.03.01"]
[EventType "swiss"]
[EventRounds "7"]
[EventCountry "BRA"]
[SourceTitle "EXT 2016"]
[Source "ChessBase"]
[SourceDate "2015.10.08"]
[SourceVersion "1"]
[SourceVersionDate "2015.10.08"]
[SourceQuality "1"]

1. d4 d5 2. c4 Nc6 3. cxd5 Qxd5 4. Nf3 e5 5. Nc3 Bb4 6. Nxe5 Nxe5 7. dxe5 Qxe5 8. Qa4+ Bd7 9. Qxb4 0-0-0 10. Bf4 Qf5 11. Qe4 Qa5 12. Qe5 Qb6 13. Nd5 Qa5+ 14. Bd2 1-0

[Event "BRA-ch Amateur"]
[Site "Sao Paulo"]
[Date "2014.03.01"]
[Round "2"]
[White "Okawati, Gabriel Akira Andra"]
[Black "Fonseca, Luis Ernesto Serra"]
[Result "1/2-1/2"]
[WhiteElo "1897"]
[BlackElo "2046"]
[PlyCount "134"]
[EventDate "2014.03.01"]
[EventType "swiss"]
[EventRounds "7"]
[EventCountry "BRA"]
[SourceTitle "EXT 2016"]
[Source "ChessBase"]
[SourceDate "2015.10.08"]
[SourceVersion "1"]
[SourceVersionDate "2015.10.08"]
[SourceQuality "1"]

1. e4 c5 2. Nf3 d6 3. d4 cxd4 4. Nxd4 Nf6 5. Nc3 g6 6. Be3 Bg7 7. Bc4 Ng4 8. Bb5+ Kf8 9. 0-0 Nxe3 10. fxe3 Bf6 11. Bc4 Nd7 12. Nd5 Kg7 13. Bb3 Rf8 14. Qf3 Kg8 15. Rad1 Be5 16. Nf4 Bg7 17. Nde6 Ne5 18. Nxd8 Nxf3+ 19. gxf3 Rxd8 20. Nd5 Bh3 21. Rf2 Bxb2 22. Nxe7+ Kf8 23. Nd5 Rac8 24. Rfd2 g5 25. Kf2 b5 26. c4 bxc4 27. Rxb2 cxb3 28. axb3 Rb8 29. b4 Rb7 30. Rc1 Be6 31. Rc6 h6 32. Kg3 Ke8 33. Nc7+ Kd7 34. Nxe6 fxe6 35. Ra6 Rc8 36. Kf2 Rc5 37. Rba2 Rcc7 38. Ke2 Rc4 39. Rxa7 Rcxb4 40. Rxb7+ Rxb7 41. Kd3 Ke7 42. h3 Kf6 43. Rc2 Ke5 44. Ra2 Rb3+ 45. Ke2 Rb1 46. Ra5+ Kf6 47. Ra6 Rb2+ 48. Kf1 Rh2 49. Rxd6 Rxh3 50. Kg2 g4 51. fxg4 Rxe3 52. Ra6 Rxe4 53. Kf3 Re1 54. Ra5 Re5 55. Ra8 Rg5 56. Rh8 Kg7 57. Ra8 Rb5 58. Kf4 Kf7 59. Rh8 Kg6 60. Rg8+ Kf7 61. Rh8 Kg7 62. Ra8 Rg5 63. Ra6 Kf6 64. Ra8 Kg7 65. Ra6 Kf7 66. Ra7+ Kf6 67. Rh7 e5+ 1/2-1/2

[Event "Foz do Iguacu op 1st"]
[Site "Foz do Iguacu"]
[Date "2013.12.15"]
[Round "6"]
[White "Cantarino Neto, Mario Ribeiro"]
[Black "Okawati, Gabriel Akira Andra"]
[Result "1/2-1/2"]
[WhiteElo "2132"]
[BlackElo "1889"]
[PlyCount "106"]
[EventDate "2013.12.12"]
[EventType "swiss"]
[EventRounds "7"]
[EventCountry "BRA"]
[SourceTitle "CBM 158 Extra"]
[Source "ChessBase"]
[SourceDate "2014.02.28"]
[SourceVersion "1"]
[SourceVersionDate "2014.02.28"]
[SourceQuality "1"]

1. d4 Nf6 2. c4 e6 3. Nf3 b6 4. g3 Bb7 5. Bg2 Be7 6. Nc3 Ne4 7. Bd2 0-0 8. d5 exd5 9. cxd5 Nxc3 10. Bxc3 Bf6 11. Rc1 Na6 12. 0-0 Re8 13. Nd4 Nc5 14. Qc2 d6 15. b4 Na6 16. Nf5 Bxc3 17. Qxc3 Qg5 18. Ne3 Qe5 19. a3 Re7 20. Rfd1 Rae8 21. Qxe5 Rxe5 22. Bf3 R5e7 23. Nf5 Re5 24. e4 g6 25. Nd4 f5 26. Nc6 Bxc6 27. Rxc6 fxe4 28. Be2 Nb8 29. Rxc7 R5e7 30. Rdc1 Rf7 31. Bg4 Kg7 32. Rxf7+ Kxf7 33. Rc7+ Re7 34. Be6+ Kf6 35. Rc4 Ke5 36. Kf1 Na6 37. f4+ exf3 38. Kf2 Nc7 39. Kxf3 Nxe6 40. dxe6 Kxe6 41. Rc8 Ke5 42. Ke3 d5 43. Rd8 h5 44. h4 b5 45. Rb8 a6 46. Rd8 Re6 47. Kd3 Rf6 48. Ke3 Re6 49. Rf8 Rf6 50. Rd8 Rc6 51. Re8+ Re6 52. Rf8 Rf6 53. Rd8 Re6 1/2-1/2

[Event "Foz do Iguacu op 1st"]
[Site "Foz do Iguacu"]
[Date "2013.12.13"]
[Round "3"]
[White "Okawati, Gabriel Akira Andra"]
[Black "Paz, Alexandre da Silva"]
[Result "1-0"]
[WhiteElo "1889"]
[BlackElo "1825"]
[PlyCount "59"]
[EventDate "2013.12.12"]
[EventType "swiss"]
[EventRounds "7"]
[EventCountry "BRA"]
[SourceTitle "CBM 158 Extra"]
[Source "ChessBase"]
[SourceDate "2014.02.28"]
[SourceVersion "1"]
[SourceVersionDate "2014.02.28"]
[SourceQuality "1"]

1. e4 e6 2. d4 d5 3. exd5 exd5 4. Bd3 Bd6 5. Qf3 h6 6. Ne2 Nf6 7. h3 Nc6 8. c3 Be6 9. Bf4 Qd7 10. Nd2 0-0-0 11. b4 Rde8 12. 0-0 Bxf4 13. Nxf4 Nh7 14. Nb3 Ng5 15. Qg3 Ne7 16. h4 Ne4 17. Bxe4 dxe4 18. Nc5 Qc6 19. Nfxe6 fxe6 20. b5 Qd5 21. c4 Qxd4 22. Qxc7+ Kxc7 23. Nxe6+ Kd6 24. Nxd4 Ke5 25. Nb3 Nf5 26. g3 b6 27. Rad1 Rd8 28. Rfe1 Nd4 29. Nxd4 Rxd4 30. f4+ 1-0

[Event "BRA-ch U20"]
[Site "Paranavai"]
[Date "2013.06.14"]
[Round "3"]
[White "Silva, Lucas Henrique Da"]
[Black "Okawati, Gabriel Akira Andra"]
[Result "1-0"]
[WhiteElo "2074"]
[BlackElo "1866"]
[PlyCount "47"]
[EventDate "2013.06.13"]
[EventType "swiss"]
[EventRounds "7"]
[EventCountry "BRA"]
[SourceTitle "CBM 155 Extra"]
[Source "ChessBase"]
[SourceDate "2013.08.26"]
[SourceVersion "1"]
[SourceVersionDate "2013.08.26"]
[SourceQuality "1"]

1. d4 Nf6 2. c4 e6 3. Nc3 Bb4 4. f3 Bxc3+ 5. bxc3 d5 6. e3 0-0 7. Bd3 b6 8. Ne2 Bb7 9. 0-0 Nbd7 10. cxd5 exd5 11. Ng3 Re8 12. Rb1 c5 13. Rb2 Qc7 14. Re2 Rac8 15. e4 cxd4 16. cxd4 dxe4 17. fxe4 Qd6 18. Bb2 Qb4 19. a3 Qf8 20. e5 Nd5 21. Ne4 Re7 22. Nd6 Rc7 23. Nxb7 Rxb7 24. Be4 1-0

[Event "BRA-ch U20"]
[Site "Paranavai"]
[Date "2013.06.13"]
[Round "1"]
[White "Miranda, Joao Paulo Segato"]
[Black "Okawati, Gabriel Akira Andra"]
[Result "0-1"]
[WhiteElo "1728"]
[BlackElo "1866"]
[PlyCount "58"]
[EventDate "2013.06.13"]
[EventType "swiss"]
[EventRounds "7"]
[EventCountry "BRA"]
[SourceTitle "CBM 155 Extra"]
[Source "ChessBase"]
[SourceDate "2013.08.26"]
[SourceVersion "1"]
[SourceVersionDate "2013.08.26"]
[SourceQuality "1"]

1. d4 Nf6 2. Nf3 g6 3. Bf4 Bg7 4. e3 0-0 5. Be2 b6 6. h3 Bb7 7. 0-0 d6 8. c3 Nbd7 9. a4 a6 10. Nbd2 c5 11. Bh2 Qc7 12. Ne1 Rfe8 13. Bf3 Rad8 14. Qb3 e5 15. Bxb7 Qxb7 16. Nef3 e4 17. Ng5 d5 18. h4 cxd4 19. cxd4 Rc8 20. Rac1 Rc6 21. Rc3 Rec8 22. Rfc1 Bf8 23. Nb1 b5 24. axb5 axb5 25. Be5 b4 26. Nh3 Ng4 27. Bg3 Qa6 28. R3c2 Rxc2 29. Rxc2 Qa1 0-1

[Event "Parana-ch"]
[Site "Curitiba"]
[Date "2013.01.25"]
[Round "6"]
[White "Zini, Jhone Marcelo"]
[Black "Okawati, Gabriel Akira Andra"]
[Result "1-0"]
[WhiteElo "2109"]
[BlackElo "1830"]
[PlyCount "182"]
[EventDate "2013.01.22"]
[EventType "swiss"]
[EventRounds "9"]
[EventCountry "BRA"]
[SourceTitle "CBM 152 Extra"]
[Source "ChessBase"]
[SourceDate "2013.02.25"]
[SourceVersion "1"]
[SourceVersionDate "2013.02.25"]
[SourceQuality "1"]

1. d4 Nf6 2. c4 e6 3. Nf3 Bb4+ 4. Bd2 Qe7 5. a3 Bxd2+ 6. Nbxd2 b6 7. e4 d6 8. Bd3 Bb7 9. 0-0 Nbd7 10. Rc1 0-0 11. Re1 e5 12. d5 Rfd8 13. Nf1 Nf8 14. Ng3 Ng6 15. Nf5 Qf8 16. g3 Ne7 17. Ne3 Nd7 18. b4 a5 19. Qc2 axb4 20. axb4 Ra7 21. Ra1 Rda8 22. Qb2 Rxa1 23. Rxa1 Rxa1+ 24. Qxa1 Qa8 25. Qxa8+ Bxa8 26. Nd1 c5 27. b5 Bb7 28. Bf1 Nf6 29. Nc3 Bc8 30. Na4 Bg4 31. Bg2 Nc8 32. Nd2 Kf8 33. f3 Bd7 34. f4 exf4 35. gxf4 Nh5 36. f5 Ke7 37. Kf2 g6 38. fxg6 fxg6 39. Ke3 g5 40. Bf1 Nf4 41. Nf3 h6 42. e5 dxe5 43. Nxe5 Bf5 44. Nf3 Kd6 45. h4 Nxd5+ 46. cxd5 Kxd5 47. Nc3+ Kd6 48. hxg5 hxg5 49. Nxg5 Bg6 50. Nge4+ Ke5 51. Nd2 Kd6 52. Nc4+ Kc7 53. Nd5+ Kb7 54. Bh3 Na7 55. Nd6+ Kb8 56. Nxb6 Kc7 57. Nbc4 Nxb5 58. Nxb5+ Kb7 59. Nbd6+ Kc7 60. Bg2 Bb1 61. Ne4 Ba2 62. Kd3 Bb3 63. Nxc5 Bd1 64. Kd4 Bh5 65. Ne6+ Kd7 66. Ke5 Bf7 67. Nb6+ Ke7 68. Nd5+ Kd7 69. Nd4 Bxd5 70. Bxd5 Kc7 71. Bc4 Kd7 72. Kf6 Kd6 73. Nb3 Kd7 74. Ke5 Kc6 75. Ke6 Kc7 76. Nd4 Kb6 77. Kd6 Kb7 78. Ne6 Kb6 79. Nc7 Kb7 80. Nd5 Kc8 81. Ba6+ Kd8 82. Bb5 Kc8 83. Bc6 Kd8 84. Nc7 Kc8 85. Ne6 Kb8 86. Bb5 Kb7 87. Kc5 Ka7 88. Kc6 Kb8 89. Ba6 Ka8 90. Kb6 Kb8 91. Nd4 Ka8 1-0

[Event "Umuarama JOJUPS Cup"]
[Site "Umuarama"]
[Date "2013.??.??"]
[Round "3"]
[White "Okawati, Gabriel Akira Andra"]
[Black "Casola, Matheus H Rossato"]
[Result "1-0"]
[WhiteElo "1889"]
[BlackElo "1770"]
[PlyCount "65"]
[EventDate "2013.10.19"]
[EventType "team-swiss"]
[EventRounds "6"]
[EventCountry "BRA"]
[SourceTitle "EXT 2014"]
[Source "ChessBase"]
[SourceDate "2013.11.20"]
[SourceVersion "1"]
[SourceVersionDate "2013.11.20"]
[SourceQuality "1"]
[WhiteTeam "Londrina"]
[BlackTeam "Umuarama"]
[WhiteTeamCountry "BRA"]
[BlackTeamCountry "BRA"]

1. e4 e5 2. Nf3 Nc6 3. Bc4 Bc5 4. c3 Nf6 5. d4 exd4 6. cxd4 Bb4+ 7. Nc3 Nxe4 8. 0-0 Nxc3 9. bxc3 Bxc3 10. Qb3 0-0 11. Qxc3 d5 12. Bd3 Qf6 13. Bg5 Qd6 14. Rfe1 Be6 15. Rab1 f6 16. Bh4 Rab8 17. Bg3 Qd7 18. Bb5 a6 19. Bxc6 bxc6 20. Qa5 Bf5 21. Rxb8 Rxb8 22. Qxa6 Be4 23. Qa7 Rc8 24. Nd2 f5 25. f3 Bd3 26. Re3 Bb5 27. a4 Bxa4 28. Qxa4 g5 29. Be5 Rb8 30. Rb3 Rxb3 31. Nxb3 Qe8 32. Qa7 Qe7 33. Qxc7 1-0

[Event "Umuarama JOJUPS Cup"]
[Site "Umuarama"]
[Date "2013.??.??"]
[Round "2"]
[White "Pereira, Bruno Ferreira"]
[Black "Okawati, Gabriel Akira Andra"]
[Result "0-1"]
[WhiteElo "1643"]
[BlackElo "1889"]
[PlyCount "58"]
[EventDate "2013.10.19"]
[EventType "team-swiss"]
[EventRounds "6"]
[EventCountry "BRA"]
[SourceTitle "EXT 2014"]
[Source "ChessBase"]
[SourceDate "2013.11.20"]
[SourceVersion "1"]
[SourceVersionDate "2013.11.20"]
[SourceQuality "1"]
[WhiteTeam "Maringa"]
[BlackTeam "Londrina"]
[WhiteTeamCountry "BRA"]
[BlackTeamCountry "BRA"]

1. c4 Nf6 2. Nc3 d5 3. cxd5 Nxd5 4. e4 Nb6 5. d4 g6 6. Be3 Bg7 7. h3 Nc6 8. Nf3 0-0 9. Be2 e6 10. 0-0 Qe7 11. Qc1 Re8 12. e5 Bd7 13. Bh6 Qf8 14. Bxg7 Qxg7 15. Ne4 Nd5 16. Qg5 h6 17. Qd2 Nce7 18. Rac1 Bc6 19. Qd3 Red8 20. Rfd1 a6 21. Qb1 Nf5 22. Bc4 Nfe7 23. Rd3 Kh8 24. Rd2 Nb6 25. Bf1 Ned5 26. g3 Qf8 27. a3 Qe7 28. Nh2 h5 29. Qd3 Kg7 0-1

[Event "Maringa op 2nd"]
[Site "Maringa"]
[Date "2012.08.12"]
[Round "9"]
[White "Okawati, Gabriel Akira Andra"]
[Black "Costa, Paulo Cesar"]
[Result "1/2-1/2"]
[WhiteElo "1782"]
[BlackElo "2060"]
[PlyCount "20"]
[EventDate "2012.08.08"]
[EventType "swiss"]
[EventRounds "9"]
[EventCountry "BRA"]
[SourceTitle "CBM 149 Extra"]
[Source "ChessBase"]
[SourceDate "2012.08.24"]
[SourceVersion "1"]
[SourceVersionDate "2012.08.24"]
[SourceQuality "1"]

1. e4 e6 2. d4 d5 3. exd5 exd5 4. Bd3 Bd6 5. Nf3 Nf6 6. Bg5 0-0 7. 0-0 Bg4 8. Nbd2 Re8 9. c3 c6 10. Qc2 h6 1/2-1/2

[Event "BRA-ch U16"]
[Site "Sao Paulo"]
[Date "2012.05.01"]
[Round "7"]
[White "Okawati, Gabriel Akira Andra"]
[Black "Gotz, Klaus Seiji Furucho"]
[Result "0-1"]
[WhiteElo "1706"]
[BlackElo "1933"]
[PlyCount "82"]
[EventDate "2012.04.28"]
[EventType "swiss"]
[EventRounds "7"]
[EventCountry "BRA"]
[SourceTitle "CBM 148 Extra"]
[Source "ChessBase"]
[SourceDate "2012.06.22"]
[SourceVersion "1"]
[SourceVersionDate "2012.06.22"]
[SourceQuality "1"]

1. e4 c5 2. Nf3 a6 3. c3 g6 4. d4 cxd4 5. cxd4 d5 6. exd5 Nf6 7. Nc3 Nxd5 8. Bc4 Nb6 9. Bb3 Bg7 10. Be3 0-0 11. h3 Nc6 12. 0-0 Na5 13. Ne5 Nxb3 14. Qxb3 Be6 15. Qc2 Rc8 16. Qe4 Nd5 17. Rac1 Qa5 18. Bd2 Nxc3 19. Bxc3 Qb5 20. a3 Rfd8 21. Rfd1 Rd5 22. f4 Rcd8 23. Kh2 Bf5 24. Qe3 f6 25. Nf3 e5 26. Rd2 e4 27. Nh4 Re8 28. Nxf5 Rxf5 29. g4 Rd5 30. Rcd1 Qd7 31. Rg1 b5 32. Rgd1 Qc7 33. Rf2 f5 34. g5 a5 35. Rc1 Qb6 36. b4 axb4 37. axb4 Bxd4 38. Bxd4 Qxd4 39. Qxd4 Rxd4 40. Ra1 e3 41. Re2 Rxf4 0-1